<?xml version="1.0" encoding="UTF-8"?>
<record
    xmlns:xsi="http://www.w3.org/2001/XMLSchema-instance"
    xsi:schemaLocation="http://www.loc.gov/MARC21/slim http://www.loc.gov/standards/marcxml/schema/MARC21slim.xsd"
    xmlns="http://www.loc.gov/MARC21/slim">

  <leader>00925nam a2200205Ia 4500</leader>
  <controlfield tag="008">151119s9999||||xx |||||||||||||| ||und||</controlfield>
  <datafield tag="082" ind1=" " ind2=" ">
    <subfield code="a">927&#x932;&#x94B;&#x915;&#x936;&#x93E;/&#x932;&#x94B;&#x915;&#x936;&#x93E;</subfield>
  </datafield>
  <datafield tag="082" ind1=" " ind2=" ">
    <subfield code="b">GKKV31971</subfield>
  </datafield>
  <datafield tag="100" ind1=" " ind2=" ">
    <subfield code="a">"&#x921;&#x93E;&#x902;&#x917;&#x933;&#x947;, &#x905;&#x930;&#x94D;&#x91C;&#x941;&#x928;"</subfield>
  </datafield>
  <datafield tag="245" ind1=" " ind2=" ">
    <subfield code="a">&#x932;&#x94B;&#x915;&#x936;&#x93E;&#x939;&#x940;&#x930; &#x905;&#x923;&#x94D;&#x923;&#x93E; &#x92D;&#x93E;&#x90A; &#x938;&#x93E;&#x920;&#x947; &#x928;&#x93F;&#x935;&#x921;&#x915; &#x935;&#x93E;&#x921;&#x94D;&#x92E;&#x92F;</subfield>
  </datafield>
  <datafield tag="260" ind1=" " ind2=" ">
    <subfield code="a">&#x92E;&#x941;&#x902;&#x92C;&#x908;</subfield>
  </datafield>
  <datafield tag="260" ind1=" " ind2=" ">
    <subfield code="b">&#x92E;&#x939;&#x93E;&#x930;&#x93E;&#x937;&#x94D;&#x91F;&#x94D;&#x930; &#x930;&#x93E;&#x91C;&#x94D;&#x92F; &#x938;&#x93E;&#x939;&#x93F;&#x924;&#x94D;&#x92F; &#x938;&#x902;&#x938;&#x94D;&#x915;&#x943;&#x924;&#x940; &#x92E;&#x902;&#x921;&#x933;</subfield>
  </datafield>
  <datafield tag="260" ind1=" " ind2=" ">
    <subfield code="c">1998</subfield>
  </datafield>
  <datafield tag="300" ind1=" " ind2=" ">
    <subfield code="a">1182p.</subfield>
  </datafield>
  <datafield tag="600" ind1=" " ind2=" ">
    <subfield code="a">"&#x921;&#x93E;&#x902;&#x917;&#x933;&#x947;, &#x905;&#x930;&#x94D;&#x91C;&#x941;&#x928;"</subfield>
  </datafield>
  <datafield tag="630" ind1=" " ind2=" ">
    <subfield code="a">&#x932;&#x94B;&#x915;&#x936;&#x93E;&#x939;&#x940;&#x930; &#x905;&#x923;&#x94D;&#x923;&#x93E; &#x92D;&#x93E;&#x90A; &#x938;&#x93E;&#x920;&#x947; &#x928;&#x93F;&#x935;&#x921;&#x915; &#x935;&#x93E;&#x921;&#x94D;&#x92E;&#x92F;</subfield>
  </datafield>
  <datafield tag="700" ind1=" " ind2=" ">
    <subfield code="a">"&#x921;&#x93E;&#x902;&#x917;&#x933;&#x947;, &#x905;&#x930;&#x94D;&#x91C;&#x941;&#x928;"</subfield>
  </datafield>
  <datafield tag="730" ind1=" " ind2=" ">
    <subfield code="a">&#x932;&#x94B;&#x915;&#x936;&#x93E;&#x939;&#x940;&#x930; &#x905;&#x923;&#x94D;&#x923;&#x93E; &#x92D;&#x93E;&#x90A; &#x938;&#x93E;&#x920;&#x947; &#x928;&#x93F;&#x935;&#x921;&#x915; &#x935;&#x93E;&#x921;&#x94D;&#x92E;&#x92F;</subfield>
  </datafield>
  <datafield tag="942" ind1=" " ind2=" ">
    <subfield code="c">BOOK</subfield>
  </datafield>
  <datafield tag="999" ind1=" " ind2=" ">
    <subfield code="c">1084283</subfield>
    <subfield code="d">1084280</subfield>
  </datafield>
  <datafield tag="952" ind1=" " ind2=" ">
    <subfield code="0">0</subfield>
    <subfield code="1">0</subfield>
    <subfield code="4">0</subfield>
    <subfield code="7">0</subfield>
    <subfield code="a">GKKV</subfield>
    <subfield code="b">GKKV</subfield>
    <subfield code="d">2015-02-14</subfield>
    <subfield code="g">75.00</subfield>
    <subfield code="l">0</subfield>
    <subfield code="o">GKKV31971</subfield>
    <subfield code="p">GKKV31971</subfield>
    <subfield code="r">2015-11-19 00:00:00</subfield>
    <subfield code="v">75.00</subfield>
    <subfield code="w">2015-11-19</subfield>
    <subfield code="y">BOOK</subfield>
  </datafield>
</record>
